00981nam a2200289Ia 450000500170000000800410001702000150005824500550007325000200012830000520014849000180020065000290021865000300024765000320027765000360030965000370034565000360038265000420041865000460046070000210050626400290052733600270055633700330058333800280061604000350064408400120067920220317001052.0160825s2003 mx a g 000 0 spa  a970074086214aLas mil y una nochescprólogo de Teresa E. Rhode a21a. edición  a507 páginas bilustraciones en color c15 cm  aSepan cuantos142LEMBaCuentos infantiles142LEMBaLiteratura infantil142LEMBaAmor en la literatura142LEMBaLadrones en la literatura142LEMB aPalacios en la literatura142LEMBaAnimales en la literatura142LEMBaSentivimientos en la literatura142LEMB aReyes y soberanos en la literatura1 aRhode, Teresa E. aMéxicobPorrúac2003 atextobtxt2rdacontent asin mediaciónbn2rdamedia avolumenbnc2rdacarrier aCO-BoRNBPbspaerdacCO-BoRNBP aC MIL12